Introducing AutoCAD Civil 3D 2009 / (Record no. 52390)

MARC details
000 -LEADER
fixed length control field 01090cam a2200301 a 4500
001 - CONTROL NUMBER
control field vtls003143048
003 - CONTROL NUMBER IDENTIFIER
control field MY-SjTCS
005 - DATE AND TIME OF LATEST TRANSACTION
control field 20200306165022.0
008 - FIXED-LENGTH DATA ELEMENTS--GENERAL INFORMATION
fixed length control field 110218s2008 inua 001 0 eng d
020 ## - INTERNATIONAL STANDARD BOOK NUMBER
International Standard Book Number 9780470373163 (pbk.)
020 ## - INTERNATIONAL STANDARD BOOK NUMBER
International Standard Book Number 0470373164 (pbk.)
039 #9 - LEVEL OF BIBLIOGRAPHIC CONTROL AND CODING DETAIL [OBSOLETE]
Level of rules in bibliographic description 201102181706
Level of effort used to assign nonsubject heading access points VLOAD
Level of effort used to assign subject headings 200908071558
Level of effort used to assign classification shuhada
Level of effort used to assign subject headings 200908071534
Level of effort used to assign classification shuhada
Level of effort used to assign subject headings 200908071519
Level of effort used to assign classification shuhada
-- 200905221954
-- kevin
082 04 - DEWEY DECIMAL CLASSIFICATION NUMBER
Classification number 624.0285536
Item number WED
100 1# - MAIN ENTRY--PERSONAL NAME
Personal name Wedding, James,
Dates associated with a name 1974-
9 (RLIN) 34934
245 10 - TITLE STATEMENT
Title Introducing AutoCAD Civil 3D 2009 /
Statement of responsibility, etc. James Wedding, Dana Probert.
250 ## - EDITION STATEMENT
Edition statement 1st ed.
260 ## - PUBLICATION, DISTRIBUTION, ETC.
Place of publication, distribution, etc. Indianapolis, Ind. :
Name of publisher, distributor, etc. Wiley Pub,
Date of publication, distribution, etc. c2008.
300 ## - PHYSICAL DESCRIPTION
Extent xiv, 306 p. :
Other physical details ill. ;
Dimensions 24 cm.
490 1# - SERIES STATEMENT
Series statement Sybex serious skills
500 ## - GENERAL NOTE
General note Includes index.
630 00 - SUBJECT ADDED ENTRY--UNIFORM TITLE
Uniform title AutoCAD Civil 3D (Electronic resource)
9 (RLIN) 34943
650 #0 - SUBJECT ADDED ENTRY--TOPICAL TERM
Topical term or geographic name entry element Civil engineering
General subdivision Computer programs.
9 (RLIN) 34944
650 #0 - SUBJECT ADDED ENTRY--TOPICAL TERM
Topical term or geographic name entry element Surveying
General subdivision Computer programs.
9 (RLIN) 258165
650 #0 - SUBJECT ADDED ENTRY--TOPICAL TERM
Topical term or geographic name entry element Three-dimensional display systems.
9 (RLIN) 8673
700 1# - ADDED ENTRY--PERSONAL NAME
Personal name Probert, Dana,
Dates associated with a name 1976-
9 (RLIN) 34935
830 #0 - SERIES ADDED ENTRY--UNIFORM TITLE
Uniform title Serious skills.
9 (RLIN) 28896
920 ## - Programme
Programme CIT(RMIT): 547792
Holdings
Withdrawn status Lost status Source of classification or shelving scheme Damaged status Not for loan Home library Current library Date acquired Total Checkouts Barcode Date last seen Date last checked out Copy number Koha item type Public note
    Dewey Decimal Classification     Taylor's Library-TU Taylor's Library-TU 07/08/2009 1 5000048195 05/12/2019 23/05/2011 1 Main Collection SOCIT,15010,03,GR